[Event "ODJM B 2025"]
[Site "Willingen GER"]
[Date "2025.06.11"]
[Round "5"]
[White "Kautny, Fabian"]
[Black "Heitmann, Erik"]
[Result "1-0"]
[Termination "normal"]
[Board "17"]
[WhiteElo "1818"]
[BlackElo "1798"]
[WhiteClock "00:15:41"]
[BlackClock "00:00:50"]
[PlyCount "83"]
[WhiteFideId "34657193"]
[BlackFideId "34608940"]
[EventCountry "GER"]
[EventRounds "9"]
[EventType "swiss"]
[EventDate "2025.06.07"]

1. e4 {[%clk 01:30:58]} {[%emt 00:00:02]} c5 {[%clk 01:30:53]} {[%emt
00:00:08]} 2. b4 {[%clk 01:31:25]} {[%emt 00:00:03]} cxb4 {[%clk 01:28:37]}
{[%emt 00:02:46]} 3. d4 {[%clk 01:31:50]} {[%emt 00:00:04]} e6 {[%clk
01:26:10]} {[%emt 00:02:57]} 4. a3 {[%clk 01:32:08]} {[%emt 00:00:12]} bxa3
{[%clk 01:21:42]} {[%emt 00:04:58]} 5. c3 {[%clk 01:32:33]} {[%emt 00:00:06]}
d5 {[%clk 01:21:00]} {[%emt 00:01:11]} 6. e5 {[%clk 01:32:59]} {[%emt
00:00:04]} Nc6 {[%clk 01:19:41]} {[%emt 00:01:50]} 7. Bd3 {[%clk 01:33:24]}
{[%emt 00:00:05]} h5 {[%clk 01:05:15]} {[%emt 00:14:56]} 8. h4 {[%clk
01:29:51]} {[%emt 00:04:02]} g6 {[%clk 01:03:39]} {[%emt 00:02:06]} 9. Bxa3
{[%clk 01:28:51]} {[%emt 00:01:31]} Bxa3 {[%clk 01:03:57]} {[%emt 00:00:12]}
10. Nxa3 {[%clk 01:29:16]} {[%emt 00:00:04]} Nh6 {[%clk 01:00:39]} {[%emt
00:03:48]} 11. Nb5 {[%clk 01:20:08]} {[%emt 00:09:38]} O-O {[%clk 00:52:50]}
{[%emt 00:08:19]} 12. Qb1 {[%clk 01:14:18]} {[%emt 00:06:21]} Kg7 {[%clk
00:49:38]} {[%emt 00:03:42]} 13. Nd6 {[%clk 01:12:09]} {[%emt 00:02:39]} Qc7
{[%clk 00:47:32]} {[%emt 00:02:33]} 14. Rh3 {[%clk 01:06:30]} {[%emt 00:06:10]}
Nxe5 {[%clk 00:35:13]} {[%emt 00:12:50]} 15. dxe5 {[%clk 01:03:31]} {[%emt
00:03:29]} Qxc3+ {[%emt 00:00:34]} 16. Kf1 {[%clk 01:02:24]} {[%emt 00:01:13]}
Qxe5 {[%clk 00:34:15]} {[%emt 00:01:48]} 17. Nb5 {[%clk 01:01:26]} {[%emt
00:01:28]} Ng4 {[%clk 00:31:48]} {[%emt 00:02:57]} 18. Nf3 {[%clk 00:59:55]}
{[%emt 00:02:00]} Qf4 {[%clk 00:28:57]} {[%emt 00:03:20]} 19. Qb2+ {[%clk
01:00:10]} {[%emt 00:00:17]} e5 {[%clk 00:28:58]} {[%emt 00:00:30]} 20. Re1
{[%clk 00:49:26]} {[%emt 00:11:14]} Nf6 {[%clk 00:26:51]} {[%emt 00:02:36]} 21.
Rg3 {[%clk 00:42:34]} {[%emt 00:07:22]} e4 {[%clk 00:26:32]} {[%emt 00:00:50]}
22. Qd4 {[%clk 00:42:45]} {[%emt 00:00:18]} a6 {[%clk 00:23:55]} {[%emt
00:03:08]} 23. Nc3 {[%clk 00:42:03]} {[%emt 00:01:12]} Be6 {[%clk 00:20:12]}
{[%emt 00:04:12]} 24. Bb1 {[%clk 00:38:13]} {[%emt 00:04:20]} Rac8 {[%clk
00:18:06]} {[%emt 00:02:36]} 25. Ne2 {[%clk 00:36:24]} {[%emt 00:02:20]} Qc7
{[%clk 00:17:37]} {[%emt 00:00:58]} 26. Ne5 {[%clk 00:36:32]} {[%emt 00:00:22]}
Qc5 {[%clk 00:16:20]} {[%emt 00:01:47]} 27. Qb2 {[%clk 00:29:22]} {[%emt
00:07:41]} b5 {[%clk 00:15:29]} {[%emt 00:01:20]} 28. Nf4 {[%clk 00:29:23]}
{[%emt 00:00:29]} Bg4 {[%clk 00:02:34]} {[%emt 00:13:24]} 29. f3 {[%clk
00:21:44]} {[%emt 00:08:10]} Qc3 {[%clk 00:02:40]} {[%emt 00:00:24]} 30. Qxc3
{[%clk 00:18:57]} {[%emt 00:03:18]} Rxc3 {[%clk 00:03:06]} {[%emt 00:00:04]}
31. Ne2 {[%clk 00:19:00]} {[%emt 00:00:27]} Rc5 {[%clk 00:00:49]} {[%emt
00:02:46]} 32. fxg4 {[%clk 00:18:12]} {[%emt 00:01:19]} d4 {[%clk 00:01:09]}
{[%emt 00:00:10]} 33. g5 {[%clk 00:18:38]} {[%emt 00:00:04]} Ne8 {[%clk
00:00:48]} {[%emt 00:00:51]} 34. Nd7 {[%clk 00:18:39]} {[%emt 00:00:28]} Rf5+
{[%clk 00:01:02]} {[%emt 00:00:16]} 35. Kg1 {[%clk 00:19:06]} {[%emt 00:00:04]}
d3 {[%clk 00:00:53]} {[%emt 00:00:38]} 36. Nxf8 {[%clk 00:18:22]} {[%emt
00:01:14]} Kxf8 {[%emt 00:00:29]} 37. Nc3 {[%clk 00:15:15]} {[%emt 00:03:36]}
Rc5 {[%clk 00:00:34]} {[%emt 00:00:52]} 38. Nxe4 {[%clk 00:15:33]} {[%emt
00:00:12]} d2 {[%clk 00:00:46]} {[%emt 00:00:18]} 39. Nxd2 {[%clk 00:15:57]}
{[%emt 00:00:05]} Nd6 {[%clk 00:01:01]} {[%emt 00:00:15]} 40. Ne4 {[%clk
00:16:04]} {[%emt 00:00:23]} Re5 {[%clk 00:00:53]} {[%emt 00:00:38]} 41. Kf2
{[%clk 00:15:19]} {[%emt 00:01:15]} Nxe4+ {[%clk 00:00:50]} {[%emt 00:00:33]}
42. Rxe4 {[%clk 00:15:41]} {[%emt 00:00:08]} 1-0

[Event "ODJM B 2025"]
[Site "Willingen GER"]
[Date "2025.06.11"]
[Round "5"]
[White "Ott, Claudius"]
[Black "Mai, Maximilian"]
[Result "1-0"]
[Termination "normal"]
[Board "18"]
[WhiteElo "1835"]
[BlackElo "1697"]
[WhiteClock "00:17:13"]
[BlackClock "00:42:23"]
[PlyCount "67"]
[WhiteFideId "34621024"]
[BlackFideId "34628924"]
[EventCountry "GER"]
[EventRounds "9"]
[EventType "swiss"]
[EventDate "2025.06.07"]

1. e4 {[%clk 01:30:56]} {[%emt 00:00:04]} c5 {[%clk 01:30:56]} {[%emt
00:00:05]} 2. Nf3 {[%clk 01:31:25]} {[%emt 00:00:01]} d6 {[%clk 01:31:13]}
{[%emt 00:00:13]} 3. d4 {[%clk 01:31:51]} {[%emt 00:00:03]} cxd4 {[%clk
01:31:38]} {[%emt 00:00:05]} 4. Nxd4 {[%clk 01:32:03]} {[%emt 00:00:18]} Nf6
{[%clk 01:31:34]} {[%emt 00:00:33]} 5. Nc3 {[%clk 01:32:16]} {[%emt 00:00:17]}
a6 {[%clk 01:32:00]} {[%emt 00:00:06]} 6. Rg1 {[%clk 01:32:44]} {[%emt
00:00:02]} e5 {[%clk 01:27:29]} {[%emt 00:05:01]} 7. Nb3 {[%clk 01:32:59]}
{[%emt 00:00:15]} Be6 {[%clk 01:24:48]} {[%emt 00:03:11]} 8. g4 {[%clk
01:33:21]} {[%emt 00:00:08]} h6 {[%clk 01:22:28]} {[%emt 00:02:49]} 9. Bd2
{[%clk 01:32:47]} {[%emt 00:01:04]} d5 {[%clk 01:12:54]} {[%emt 00:10:04]} 10.
exd5 {[%clk 01:30:34]} {[%emt 00:02:43]} Nxd5 {[%clk 01:12:54]} {[%emt
00:00:31]} 11. Qf3 {[%clk 01:29:21]} {[%emt 00:01:42]} Nc6 {[%clk 01:08:01]}
{[%emt 00:05:24]} 12. O-O-O {[%clk 01:29:36]} {[%emt 00:00:15]} Qf6 {[%clk
01:07:32]} {[%emt 00:00:59]} 13. Qg3 {[%clk 01:29:56]} {[%emt 00:00:09]} Be7
{[%clk 01:04:07]} {[%emt 00:03:55]} 14. Ne4 {[%clk 01:30:20]} {[%emt 00:00:06]}
Qg6 {[%clk 01:03:58]} {[%emt 00:00:39]} 15. Re1 {[%clk 01:30:35]} {[%emt
00:00:15]} O-O {[%clk 00:54:23]} {[%emt 00:10:06]} 16. h4 {[%clk 01:25:41]}
{[%emt 00:05:23]} f6 {[%clk 00:52:55]} {[%emt 00:01:58]} 17. Nbc5 {[%clk
01:13:13]} {[%emt 00:12:58]} Bc8 {[%clk 00:52:52]} {[%emt 00:00:33]} 18. Bc4
{[%clk 01:11:54]} {[%emt 00:01:49]} Rd8 {[%emt 00:05:27]} 19. Qb3 {[%clk
01:07:04]} Nd4 {[%clk 00:52:21]} {[%emt 00:01:25]} 20. Bxd5+ {[%clk 01:02:14]}
{[%emt 00:05:19]} Kh8 {[%clk 00:51:22]} {[%emt 00:01:29]} 21. Qc4 {[%clk
01:02:34]} {[%emt 00:00:10]} b5 {[%clk 00:51:07]} {[%emt 00:00:46]} 22. Bf7
{[%clk 00:57:16]} {[%emt 00:05:47]} bxc4 {[%clk 00:50:54]} {[%emt 00:00:44]}
23. Bxg6 {[%clk 00:57:37]} {[%emt 00:00:08]} Nf3 {[%clk 00:51:16]} {[%emt
00:00:08]} 24. Ba5 {[%clk 00:45:31]} {[%emt 00:12:36]} Rd5 {[%clk 00:48:40]}
{[%emt 00:03:06]} 25. Rd1 {[%clk 00:44:48]} {[%emt 00:01:13]} Nxg1 {[%clk
00:48:45]} {[%emt 00:00:25]} 26. Rxd5 {[%clk 00:45:12]} {[%emt 00:00:07]} Ne2+
{[%clk 00:49:11]} {[%emt 00:00:04]} 27. Kb1 {[%clk 00:43:47]} {[%emt 00:01:53]}
Bxg4 {[%clk 00:49:29]} {[%emt 00:00:12]} 28. Bd2 {[%clk 00:36:45]} {[%emt
00:07:33]} Nd4 {[%clk 00:44:33]} {[%emt 00:05:27]} 29. h5 {[%clk 00:29:35]}
{[%emt 00:07:39]} Nf3 {[%clk 00:43:27]} {[%emt 00:01:36]} 30. Be3 {[%clk
00:26:07]} {[%emt 00:03:58]} f5 {[%clk 00:42:39]} {[%emt 00:01:19]} 31. Nd6
{[%clk 00:23:21]} {[%emt 00:03:16]} f4 {[%clk 00:42:44]} {[%emt 00:00:24]} 32.
Bc1 {[%clk 00:22:46]} {[%emt 00:01:05]} Ng5 {[%clk 00:42:25]} {[%emt 00:00:50]}
33. Nce4 {[%clk 00:17:41]} {[%emt 00:05:34]} Bf3 {[%clk 00:42:23]} {[%emt
00:00:32]} 34. Rxe5 {[%clk 00:17:13]} {[%emt 00:00:58]} 1-0

[Event "ODJM B 2025"]
[Site "Willingen GER"]
[Date "2025.06.11"]
[Round "5"]
[White "Özkurt, Kaan"]
[Black "Feichtner, David"]
[Result "0-1"]
[Termination "normal"]
[Board "19"]
[WhiteElo "1779"]
[BlackElo "1776"]
[WhiteClock "00:27:08"]
[BlackClock "01:07:48"]
[PlyCount "142"]
[WhiteFideId "34655182"]
[BlackFideId "533013381"]
[EventCountry "GER"]
[EventRounds "9"]
[EventType "swiss"]
[EventDate "2025.06.07"]

1. e4 {[%clk 01:30:56]} {[%emt 00:00:03]} c5 {[%clk 01:30:55]} {[%emt
00:00:05]} 2. c3 {[%clk 01:31:20]} {[%emt 00:00:07]} Nf6 {[%clk 01:31:15]}
{[%emt 00:00:09]} 3. e5 {[%clk 01:31:45]} {[%emt 00:00:05]} Nd5 {[%clk
01:31:40]} {[%emt 00:00:05]} 4. d4 {[%clk 01:32:10]} {[%emt 00:00:05]} Nc6
{[%clk 01:31:59]} {[%emt 00:00:11]} 5. Nf3 {[%clk 01:32:21]} {[%emt 00:00:19]}
cxd4 {[%clk 01:32:01]} {[%emt 00:00:29]} 6. cxd4 {[%clk 01:32:43]} {[%emt
00:00:08]} e6 {[%clk 01:30:35]} {[%emt 00:01:55]} 7. Bc4 {[%clk 01:33:05]}
{[%emt 00:00:08]} Nb6 {[%clk 01:30:46]} {[%emt 00:00:19]} 8. Bb3 {[%clk
01:32:23]} {[%emt 00:01:13]} d6 {[%clk 01:30:46]} {[%emt 00:00:30]} 9. O-O
{[%clk 01:32:38]} {[%emt 00:00:14]} Qc7 {[%clk 01:29:09]} {[%emt 00:02:07]} 10.
Qe2 {[%clk 01:31:18]} {[%emt 00:01:50]} dxe5 {[%clk 01:27:34]} {[%emt
00:02:05]} 11. dxe5 {[%clk 01:31:41]} {[%emt 00:00:07]} Be7 {[%clk 01:26:55]}
{[%emt 00:01:09]} 12. Qe4 {[%clk 01:29:54]} {[%emt 00:02:18]} Bd7 {[%clk
01:19:57]} {[%emt 00:07:28]} 13. Bf4 {[%clk 01:21:15]} {[%emt 00:09:09]} Na5
{[%clk 01:16:23]} {[%emt 00:04:04]} 14. Nbd2 {[%clk 01:10:06]} {[%emt
00:11:38]} Bc6 {[%clk 01:15:53]} {[%emt 00:01:00]} 15. Qc2 {[%clk 01:10:01]}
{[%emt 00:00:35]} Nxb3 {[%clk 01:15:24]} {[%emt 00:00:59]} 16. Qxb3 {[%clk
01:09:08]} {[%emt 00:01:23]} Nd5 {[%clk 01:14:39]} {[%emt 00:01:15]} 17. Bg3
{[%clk 01:08:41]} {[%emt 00:00:57]} O-O {[%clk 01:14:43]} {[%emt 00:00:25]} 18.
Rac1 {[%clk 01:07:44]} {[%emt 00:01:28]} Qd7 {[%clk 01:13:20]} {[%emt
00:01:53]} 19. Qd1 {[%clk 01:02:10]} {[%emt 00:06:04]} Nb4 {[%clk 01:12:09]}
{[%emt 00:01:42]} 20. Nb3 {[%clk 00:55:04]} {[%emt 00:07:35]} Qxd1 {[%clk
01:10:16]} {[%emt 00:02:22]} 21. Rfxd1 {[%clk 00:53:43]} {[%emt 00:01:52]} Nxa2
{[%clk 01:10:12]} {[%emt 00:00:35]} 22. Ra1 {[%clk 00:52:52]} {[%emt 00:01:21]}
Nb4 {[%clk 01:06:23]} {[%emt 00:04:18]} 23. Nbd4 {[%clk 00:53:09]} {[%emt
00:00:13]} Bxf3 {[%clk 01:06:15]} {[%emt 00:00:38]} 24. Nxf3 {[%clk 00:53:23]}
{[%emt 00:00:16]} Nc6 {[%clk 01:06:31]} {[%emt 00:00:14]} 25. Rd7 {[%clk
00:53:25]} {[%emt 00:00:28]} Rab8 {[%clk 01:06:35]} {[%emt 00:00:26]} 26. Kf1
{[%clk 00:50:54]} {[%emt 00:03:02]} Rfd8 {[%clk 01:06:43]} {[%emt 00:00:21]}
27. Rad1 {[%clk 00:50:58]} {[%emt 00:00:25]} Nb4 {[%clk 01:05:59]} {[%emt
00:01:12]} 28. Ke2 {[%clk 00:50:05]} {[%emt 00:01:26]} Nc6 {[%clk 01:06:09]}
{[%emt 00:00:21]} 29. Ne1 {[%clk 00:42:38]} {[%emt 00:07:57]} Kf8 {[%clk
01:06:05]} {[%emt 00:00:33]} 30. f4 {[%clk 00:40:55]} {[%emt 00:02:14]} Ke8
{[%clk 01:04:35]} {[%emt 00:01:59]} 31. Rxd8+ {[%clk 00:39:02]} {[%emt
00:02:23]} Rxd8 {[%clk 01:04:54]} {[%emt 00:00:11]} 32. Rxd8+ {[%clk 00:39:13]}
{[%emt 00:00:19]} Kxd8 {[%clk 01:05:18]} {[%emt 00:00:05]} 33. Bf2 {[%clk
00:39:40]} {[%emt 00:00:04]} Kc7 {[%clk 01:05:30]} {[%emt 00:00:18]} 34. Nd3
{[%clk 00:39:55]} {[%emt 00:00:15]} Nb4 {[%clk 01:04:49]} {[%emt 00:01:10]} 35.
Nxb4 {[%clk 00:34:58]} {[%emt 00:05:29]} Bxb4 {[%clk 01:05:08]} {[%emt
00:00:11]} 36. Kd3 {[%clk 00:35:09]} {[%emt 00:00:19]} Ba5 {[%clk 01:03:46]}
{[%emt 00:01:52]} 37. g4 {[%clk 00:33:37]} {[%emt 00:02:03]} Bb6 {[%clk
01:03:59]} {[%emt 00:00:17]} 38. Be1 {[%clk 00:34:01]} {[%emt 00:00:05]} Kc6
{[%clk 01:04:17]} {[%emt 00:00:11]} 39. Kc4 {[%clk 00:34:18]} {[%emt 00:00:13]}
Be3 {[%clk 01:04:24]} {[%emt 00:00:23]} 40. Bg3 {[%clk 00:33:34]} {[%emt
00:01:15]} Bc1 {[%clk 01:03:40]} {[%emt 00:01:13]} 41. b3 {[%clk 00:32:49]}
{[%emt 00:01:17]} b5+ {[%clk 01:03:52]} {[%emt 00:00:17]} 42. Kc3 {[%clk
00:31:21]} {[%emt 00:01:59]} a5 {[%clk 01:03:31]} {[%emt 00:00:51]} 43. f5
{[%clk 00:30:53]} {[%emt 00:00:57]} Be3 {[%clk 01:03:16]} {[%emt 00:00:45]} 44.
h3 {[%clk 00:29:24]} {[%emt 00:01:59]} Kd5 {[%clk 01:03:32]} {[%emt 00:00:13]}
45. Bh4 {[%clk 00:26:45]} {[%emt 00:03:10]} Bd4+ {[%clk 01:02:57]} {[%emt
00:01:05]} 46. Kc2 {[%clk 00:27:07]} {[%emt 00:00:08]} Bxe5 {[%clk 01:03:19]}
{[%emt 00:00:08]} 47. Bd8 {[%clk 00:27:12]} {[%emt 00:00:25]} a4 {[%clk
01:03:42]} {[%emt 00:00:07]} 48. fxe6 {[%clk 00:27:08]} {[%emt 00:00:34]} fxe6
{[%clk 01:04:05]} {[%emt 00:00:07]} 49. bxa4 {[%clk 00:27:18]} {[%emt
00:00:20]} bxa4 {[%clk 01:04:27]} {[%emt 00:00:08]} 50. Kb1 {[%clk 00:26:31]}
{[%emt 00:01:17]} a3 {[%clk 01:04:25]} {[%emt 00:00:33]} 51. Ka2 {[%clk
00:26:55]} {[%emt 00:00:06]} Bb2 {[%clk 01:04:38]} {[%emt 00:00:16]} 52. h4
{[%clk 00:26:22]} {[%emt 00:01:04]} g6 {[%clk 01:04:44]} {[%emt 00:00:24]} 53.
h5 {[%clk 00:26:35]} {[%emt 00:00:16]} gxh5 {[%clk 01:05:08]} {[%emt 00:00:05]}
54. gxh5 {[%clk 00:27:04]} {[%emt 00:00:01]} e5 {[%clk 01:05:31]} {[%emt
00:00:08]} 55. Bf6 {[%clk 00:26:47]} {[%emt 00:00:48]} e4 {[%clk 01:05:17]}
{[%emt 00:00:43]} 56. Bxb2 {[%clk 00:26:20]} {[%emt 00:00:57]} axb2 {[%clk
01:05:38]} {[%emt 00:00:08]} 57. Kxb2 {[%clk 00:26:49]} {[%emt 00:00:02]} Kd4
{[%clk 01:05:58]} {[%emt 00:00:10]} 58. Kc2 {[%clk 00:22:56]} {[%emt 00:04:24]}
Ke3 {[%clk 01:04:40]} {[%emt 00:01:47]} 59. Kc3 {[%clk 00:22:17]} {[%emt
00:01:10]} Kf2 {[%clk 01:05:03]} {[%emt 00:00:07]} 60. Kd4 {[%clk 00:22:43]}
{[%emt 00:00:04]} e3 {[%clk 01:05:25]} {[%emt 00:00:07]} 61. Ke5 {[%clk
00:23:11]} {[%emt 00:00:02]} e2 {[%clk 01:05:31]} {[%emt 00:00:25]} 62. Kf6
{[%clk 00:23:38]} {[%emt 00:00:02]} e1=Q {[%emt 00:00:15]} 63. Kg7 {[%clk
00:24:03]} {[%emt 00:00:04]} Qe7+ {[%clk 01:06:05]} {[%emt 00:00:11]} 64. Kh6
{[%clk 00:24:27]} {[%emt 00:00:06]} Qf7 {[%clk 01:06:02]} {[%emt 00:00:34]} 65.
Kg5 {[%clk 00:24:50]} {[%emt 00:00:07]} Qg7+ {[%clk 01:06:27]} {[%emt
00:00:05]} 66. Kf5 {[%clk 00:25:09]} {[%emt 00:00:11]} Kf3 {[%clk 01:06:29]}
{[%emt 00:00:27]} 67. Ke6 {[%clk 00:25:33]} {[%emt 00:00:07]} Qg5 {[%clk
01:06:50]} {[%emt 00:00:09]} 68. Kf7 {[%clk 00:25:59]} {[%emt 00:00:04]} h6
{[%clk 01:06:58]} {[%emt 00:00:22]} 69. Kf8 {[%clk 00:26:19]} {[%emt 00:00:10]}
Qf6+ {[%clk 01:07:01]} {[%emt 00:00:27]} 70. Kg8 {[%clk 00:26:44]} {[%emt
00:00:05]} Qe7 {[%clk 01:07:23]} {[%emt 00:00:06]} 71. Kh8 {[%clk 00:27:08]}
{[%emt 00:00:07]} Kf4 {[%clk 01:07:48]} {[%emt 00:00:05]} 0-1

[Event "ODJM B 2025"]
[Site "Willingen GER"]
[Date "2025.06.11"]
[Round "5"]
[White "Stülcken, Philipp"]
[Black "Hesse, Lucas"]
[Result "1-0"]
[Termination "normal"]
[Board "20"]
[WhiteElo "1780"]
[BlackElo "1508"]
[WhiteClock "00:12:38"]
[BlackClock "00:41:42"]
[PlyCount "47"]
[WhiteFideId "12986232"]
[BlackFideId "16261330"]
[EventCountry "GER"]
[EventRounds "9"]
[EventType "swiss"]
[EventDate "2025.06.07"]

1. e4 {[%clk 01:30:56]} {[%emt 00:00:03]} d5 {[%clk 01:30:50]} {[%emt
00:00:10]} 2. exd5 {[%clk 01:31:13]} {[%emt 00:00:13]} Qxd5 {[%clk 01:31:11]}
{[%emt 00:00:09]} 3. Nc3 {[%clk 01:31:35]} {[%emt 00:00:08]} Qa5 {[%clk
01:31:32]} {[%emt 00:00:09]} 4. d4 {[%clk 01:31:56]} {[%emt 00:00:09]} c6
{[%clk 01:31:57]} {[%emt 00:00:04]} 5. Bc4 {[%clk 01:32:00]} {[%emt 00:00:27]}
Nf6 {[%clk 01:31:21]} {[%emt 00:01:07]} 6. Bd2 {[%clk 01:31:35]} {[%emt
00:00:54]} Qc7 {[%clk 01:31:44]} {[%emt 00:00:07]} 7. Nf3 {[%clk 01:30:26]}
{[%emt 00:01:39]} Bg4 {[%clk 01:32:05]} {[%emt 00:00:09]} 8. h3 {[%clk
01:30:38]} {[%emt 00:00:18]} Bh5 {[%clk 01:31:02]} {[%emt 00:01:33]} 9. g4
{[%clk 01:26:45]} {[%emt 00:04:24]} Bg6 {[%clk 01:30:08]} {[%emt 00:01:23]} 10.
Ne5 {[%clk 01:23:57]} {[%emt 00:03:18]} e6 {[%clk 01:26:37]} {[%emt 00:04:01]}
11. Qe2 {[%clk 01:10:07]} {[%emt 00:14:20]} Bxc2 {[%clk 01:23:53]} {[%emt
00:03:15]} 12. Rc1 {[%clk 01:08:52]} {[%emt 00:01:44]} Bg6 {[%clk 01:23:08]}
{[%emt 00:01:16]} 13. h4 {[%clk 01:02:31]} {[%emt 00:06:50]} Bb4 {[%clk
01:07:24]} {[%emt 00:16:14]} 14. O-O {[%clk 00:54:43]} {[%emt 00:08:18]} Bxc3
{[%clk 01:02:41]} {[%emt 00:05:13]} 15. Bxc3 {[%clk 00:50:43]} {[%emt
00:04:30]} Be4 {[%clk 00:58:48]} {[%emt 00:04:24]} 16. g5 {[%clk 00:50:24]}
{[%emt 00:00:48]} Rg8 {[%clk 00:56:33]} {[%emt 00:02:45]} 17. f4 {[%clk
00:24:02]} {[%emt 00:26:51]} Bd5 {[%clk 00:53:55]} {[%emt 00:03:09]} 18. f5
{[%clk 00:22:14]} {[%emt 00:02:18]} Ne4 {[%clk 00:45:01]} {[%emt 00:09:25]} 19.
fxe6 {[%clk 00:19:48]} {[%emt 00:02:56]} f6 {[%clk 00:44:24]} {[%emt 00:01:06]}
20. Bxd5 {[%clk 00:16:06]} {[%emt 00:04:11]} Ng3 {[%clk 00:44:02]} {[%emt
00:00:52]} 21. Qf3 {[%clk 00:15:35]} {[%emt 00:01:02]} Nxf1 {[%clk 00:44:08]}
{[%emt 00:00:25]} 22. Bb3 {[%clk 00:12:34]} {[%emt 00:03:30]} Nh2 {[%clk
00:41:28]} {[%emt 00:03:09]} 23. Kxh2 {[%clk 00:12:25]} {[%emt 00:00:40]} fxe5
{[%clk 00:41:42]} {[%emt 00:00:16]} 24. Qf7+ {[%clk 00:12:38]} {[%emt
00:02:36]} 1-0

[Event "ODJM B 2025"]
[Site "Willingen GER"]
[Date "2025.06.11"]
[Round "5"]
[White "Wilke, Ronja"]
[Black "Zussner, Tim"]
[Result "1/2-1/2"]
[Termination "normal"]
[Board "21"]
[WhiteElo "1585"]
[BlackElo "1800"]
[WhiteClock "00:32:26"]
[BlackClock "00:13:43"]
[PlyCount "49"]
[WhiteFideId "16288378"]
[BlackFideId "34642765"]
[EventCountry "GER"]
[EventRounds "9"]
[EventType "swiss"]
[EventDate "2025.06.07"]

1. e4 {[%clk 01:30:57]} {[%emt 00:00:02]} c5 {[%clk 01:30:55]} {[%emt
00:00:05]} 2. c3 {[%clk 01:31:15]} {[%emt 00:00:13]} Nf6 {[%clk 01:31:18]}
{[%emt 00:00:07]} 3. e5 {[%clk 01:30:39]} {[%emt 00:01:06]} Nd5 {[%clk
01:31:43]} {[%emt 00:00:05]} 4. d4 {[%clk 01:28:23]} {[%emt 00:02:45]} cxd4
{[%clk 01:32:04]} {[%emt 00:00:09]} 5. cxd4 {[%clk 01:28:43]} {[%emt 00:00:11]}
d6 {[%clk 01:31:58]} {[%emt 00:00:36]} 6. Nf3 {[%clk 01:26:57]} {[%emt
00:02:16]} Nc6 {[%clk 01:32:06]} {[%emt 00:00:22]} 7. Bc4 {[%clk 01:22:45]}
{[%emt 00:04:42]} dxe5 {[%clk 01:31:35]} {[%emt 00:01:01]} 8. Nxe5 {[%clk
01:20:45]} {[%emt 00:02:30]} e6 {[%clk 01:22:47]} {[%emt 00:09:18]} 9. O-O
{[%clk 01:17:50]} {[%emt 00:03:23]} Bd6 {[%clk 01:08:58]} {[%emt 00:14:21]} 10.
Nxc6 {[%clk 01:10:18]} {[%emt 00:08:02]} bxc6 {[%clk 01:09:14]} {[%emt
00:00:13]} 11. Nd2 {[%clk 01:09:26]} {[%emt 00:01:22]} Bb7 {[%clk 01:04:12]}
{[%emt 00:05:33]} 12. Ne4 {[%clk 01:05:08]} {[%emt 00:04:48]} Be7 {[%clk
00:52:13]} {[%emt 00:12:29]} 13. Qg4 {[%clk 01:01:09]} {[%emt 00:04:26]} Kf8
{[%clk 00:48:31]} {[%emt 00:04:15]} 14. Be3 {[%clk 00:54:40]} {[%emt 00:06:57]}
h5 {[%clk 00:44:05]} {[%emt 00:04:58]} 15. Qg3 {[%clk 00:52:27]} {[%emt
00:02:41]} h4 {[%clk 00:39:28]} {[%emt 00:05:09]} 16. Qe5 {[%clk 00:47:41]}
{[%emt 00:05:14]} Bc8 {[%clk 00:32:49]} {[%emt 00:07:11]} 17. h3 {[%clk
00:41:18]} {[%emt 00:06:53]} Qc7 {[%clk 00:24:28]} {[%emt 00:08:51]} 18. Qxc7
{[%clk 00:39:49]} {[%emt 00:01:59]} Nxc7 {[%clk 00:24:48]} {[%emt 00:00:09]}
19. Bf4 {[%clk 00:39:27]} {[%emt 00:00:51]} Nd5 {[%clk 00:23:33]} {[%emt
00:01:46]} 20. Bd6 {[%clk 00:38:47]} {[%emt 00:01:10]} Nf6 {[%clk 00:20:06]}
{[%emt 00:03:57]} 21. Bxe7+ {[%clk 00:38:36]} {[%emt 00:00:41]} Kxe7 {[%clk
00:20:25]} {[%emt 00:00:11]} 22. Rfe1 {[%clk 00:36:01]} {[%emt 00:03:05]} Nxe4
{[%clk 00:17:04]} {[%emt 00:03:52]} 23. Rxe4 {[%clk 00:36:12]} {[%emt
00:00:18]} Bb7 {[%clk 00:16:55]} {[%emt 00:00:40]} 24. Rae1 {[%clk 00:34:01]}
{[%emt 00:02:41]} Rh6 {[%clk 00:13:43]} {[%emt 00:03:41]} 25. Rg4 {[%clk
00:32:26]} {[%emt 00:02:05]} 1/2-1/2